Dimensions of Pakistan movement (Record no. 5165)

000 -LEADER
fixed length control field 00475 a2200145 4500
040 ## - CATALOGING SOURCE
Original cataloging agency DLC
Language of cataloging DLC
082 ## - DEWEY DECIMAL CLASSIFICATION NUMBER
Classification number 954.035
100 ## - MAIN ENTRY--PERSONAL NAME
Personal name Munawwar, Muhammad.
245 ## - TITLE STATEMENT
Title Dimensions of Pakistan movement
Statement of responsibility, etc. Muhammad Munawwar
260 ## - PUBLICATION, DISTRIBUTION, ETC.
Place of publication, distribution, etc. Lahore :
Name of publisher, distributor, etc. Services Book Club,
Date of publication, distribution, etc. 1993.
300 ## - PHYSICAL DESCRIPTION
Extent 235 p. ;
Dimensions 22 cm.
500 ## - GENERAL NOTE
General note Includes bibliographical references and index.
650 ## - SUBJECT ADDED ENTRY--TOPICAL TERM
Topical term or geographic name entry element 1.Pakistan movement.2.India --Politics and government --1919-1947.
942 ## - ADDED ENTRY ELEMENTS (KOHA)
Koha item type Book
Call number prefix 954.035 MUN
Source of classification or shelving scheme
Holdings
Withdrawn status Lost status Damaged status Not for loan Collection code Permanent Location Current Location Shelving location Date acquired Source of acquisition Total Checkouts Full call number Barcode Date last seen Date last checked out Price effective from Koha item type Source of classification or shelving scheme Materials specified (bound volume or other part) Checked out
          Central Library (CL) Central Library (CL) General Stacks 12/13/2005 Donation 3 954.035 MUN SEECS006757 06/10/2015 11/12/2014 01/05/2017 Book      
          Central Library (CL) Central Library (CL) Book Cart 12/10/2018 Donation 1 954.035 MUN CL-D-114 12/22/2021 12/10/2021 12/10/2018 Book      
          Central Library (CL) Central Library (CL)   09/10/2020     954.035 MUN CL2567 09/10/2020   09/10/2020 Book      
          Central Library (CL) Central Library (CL)   09/10/2020     954.035 MUN NBS2217 09/10/2020   09/10/2020 Book      
          Central Library (CL) Central Library (CL)   09/10/2020     954.035 MUN NBS2218 09/10/2020   09/10/2020 Book      
          Central Library (CL) Central Library (CL)   09/10/2020     954.035 MUN NBSD-2906 09/10/2020   09/10/2020 Book      
          Central Library (CL) Central Library (CL)   09/10/2020     954.035 MUN NBS2538 09/10/2020   09/10/2020 Book      
          Central Library (CL) Central Library (CL)   09/10/2020     954.035 MUN NBS2615 09/10/2020   09/10/2020 Book      
          Central Library (CL) Central Library (CL)   11/05/2023 Donation 1 954.035 MUN CL-D-2522 09/15/2025 09/15/2025 11/05/2023 Book   Donation 10/15/2025
© 2023 Central Library, National University of Sciences and Technology. All Rights Reserved.